| 000 | 00318nam a2200109Ia 4500 | ||
|---|---|---|---|
| 008 | 220204s9999 xx 000 0 und d | ||
| 082 |
_a663.95(540) _bCHA |
||
| 100 | _aChaudhuri, M R | ||
| 245 | 0 | _aTea industry in India: A diagnostic analysis of its geoeconomic aspects | |
| 260 |
_aCalcutta _bOxford _c1978 |
||
| 942 | _cBK | ||
| 999 |
_c28638 _d28638 |
||